| 000 | 00446nam a22001457a 4500 | ||
|---|---|---|---|
| 003 | SISC | ||
| 005 | 20181004144431.0 | ||
| 008 | 181004b xxu||||| |||| 00| 0 eng d | ||
| 050 | _aPL 6165.3 .Es79 2011 | ||
| 100 | _aEsteban, Nora J./ | ||
| 245 |
_aAlab ng lahi: _bFlorante at Laura/ _cNerissa B. Mendoza, Zenaida S. Badua. |
||
| 260 |
_aManila: _bVIBAL Publishing House, Inc. _cc2011. |
||
| 300 |
_avi, 154 p.; _bill. : _c25 cm. |
||
| 942 |
_2lcc _cBK |
||
| 999 |
_c359224 _d359224 |
||